Basic inferential statistics

Bibliographic Details
Main Author: Bryson, Maurice C.
Other Authors: Heiny, Robert L.
Format: Book
Published: Boston, Massachusets : Prindle, Weber & Schmit , 1981
Subjects:

MARC

LEADER 00000cam a2200000 7i4500
001 0000003740
005 20050422.0
020 |a 0971502828 
040 |a INS 
090 0 0 |a QA276.   |b B79 1981 
100 1 |a Bryson, Maurice C. 
245 1 0 |a Basic inferential statistics   |c Maurice C. Bryson 
260 |a Boston, Massachusets :   |b Prindle, Weber & Schmit ,   |c 1981 
300 |a 442p. ;   |c 26 cm. 
650 0 0 |a Mathematical statistics 
700 1 |a Heiny, Robert L. 
999 |a 0000001190   |b BOOK   |c Open Shelf   |e Default branch